| 000 | 03422cam a22012734i 4500 | ||
|---|---|---|---|
| 003 | PE-LiUPU | ||
| 005 | 20250813185315.0 | ||
| 008 | 141022s2012 sp a r 100 0 spa | ||
| 020 | _a9788497172165 | ||
| 035 | _a(Sirsi) i9788497172165 | ||
| 040 |
_aPE-LiUPU _bspa _cPE-LiUPU _erda |
||
| 041 | 0 |
_aspa _aeng _afre _aita |
|
| 049 | _aPRUA | ||
| 080 | _a338.2:504(063) | ||
| 080 | _a351.852/.853(100)(063) | ||
| 245 | 0 | 4 |
_aLos bienes culturales y su aportación al desarrollo sostenible / _cCarlos Barciela, M. Inmaculada López y Joaquín Melgarejo (eds.). |
| 264 | 1 |
_aSan Vicente del Raspeig : _bPublicaciones de la Universidad de Alicante, _c2012. |
|
| 300 |
_a623 páginas : _bilustraciones ; _c25 centímetros |
||
| 336 |
_atext _2rdacontent |
||
| 337 |
_aunmediated _2rdamedia |
||
| 338 |
_avolume _2rdacarrier |
||
| 500 | _aRecoge las intervenciones del 1º Workshop International HERITECHS (Heritage, Cultural Economics, Technology and Sustainability) celebrado del 2 al 4 de junio de 2011 en Alicante. | ||
| 504 | _aIncluye referencias bibliográficas. | ||
| 526 | _aP202 | ||
| 526 | _aP201 | ||
| 526 | _aP163 | ||
| 526 | _aP162 | ||
| 526 | _aP161 | ||
| 526 | _aP160 | ||
| 526 | _aP148 | ||
| 526 | _aP147 | ||
| 526 | _aP146 | ||
| 526 | _aP145 | ||
| 526 | _aP144 | ||
| 526 | _aP143 | ||
| 526 | _aP142 | ||
| 526 | _aP141 | ||
| 526 | _aP140 | ||
| 526 | _aP139 | ||
| 526 | _aP138 | ||
| 526 | _aP137 | ||
| 526 | _aP136 | ||
| 526 | _aP135 | ||
| 526 | _aP134 | ||
| 526 | _aP133 | ||
| 526 | _aP129 | ||
| 526 | _aP128 | ||
| 526 | _aP127 | ||
| 526 | _aP120 | ||
| 526 | _aP119 | ||
| 526 | _aP118 | ||
| 526 | _aP116 | ||
| 526 | _aP115 | ||
| 526 | _aP114 | ||
| 526 | _aP110 | ||
| 526 | _aP109 | ||
| 526 | _aP108 | ||
| 526 | _aP104 | ||
| 526 | _aP103 | ||
| 526 | _aP102 | ||
| 526 | _aP99 | ||
| 526 | _aP98 | ||
| 526 | _aP97 | ||
| 526 | _aP96 | ||
| 526 | _aP95 | ||
| 526 | _aP93 | ||
| 526 | _aP90 | ||
| 526 | _aP89 | ||
| 526 | _aP88 | ||
| 526 | _aP83 | ||
| 526 | _aP82 | ||
| 526 | _aP62 | ||
| 526 | _aP59 | ||
| 526 | _aP58 | ||
| 526 | _aP57 | ||
| 526 | _aP51 | ||
| 526 | _aP49 | ||
| 526 | _aP48 | ||
| 526 | _aP47 | ||
| 526 | _aP29 | ||
| 526 | _aP24 | ||
| 526 | _aP20 | ||
| 526 | _aP19 | ||
| 526 | _aP17 | ||
| 526 | _aP15 | ||
| 526 | _aP14 | ||
| 526 | _aP12 | ||
| 526 | _aP10 | ||
| 526 | _aP09 | ||
| 526 | _aP08 | ||
| 526 | _aP07 | ||
| 526 | _aP06 | ||
| 526 | _aP05 | ||
| 526 | _aP04 | ||
| 526 | _aP01 | ||
| 546 | _aTextos en español, inglés, francés e italiano. | ||
| 650 | 7 |
_aDesarrollo sostenible _vCongresos y asambleas. _2embne |
|
| 650 | 7 |
_aPatrimonio cultural _xProtección _vCongresos y asambleas. _2embne |
|
| 700 | 1 |
_aBarciela, Carlos, _eeditor. |
|
| 700 | 1 |
_aLópez Ortiz, María Inmaculada, _eeditor. |
|
| 700 | 1 |
_aMelgarejo Moreno, Joaquín, _eeditor. |
|
| 910 | _apeb | ||
| 942 |
_2ddc _cBOOK |
||
| 949 |
_aXX(153782.1) _wDEWEY _c1 _i70650 _lCCODEBUL1 _mBUL _p58.00 _r0 _sY _tBOOK _u2015-7-6 _xINGENIERIA _PP06 _0COMPRA _o.STAFF. Colección General |
||
| 994 |
_aC0 _bPEPRU |
||
| 596 | _a1 | ||
| 999 |
_a338 B5 _wDEWEY _c6472 _i70650 _d6472 _f2021-11-9 _g7 _lCCODEBUL1 _mBUL _p58.00 _q1 _r0 _sY _tBOOK _u2015-7-6 _xINGENIERIA _PP06 _0COMPRA _o.STAFF. Colección General |
||
| 980 |
_81 _gALBERTO SANCHEZ Responsable de Automatización |
||